000 00588nam a2200121Ia 4500
008 220620s9999||||xx |||||||||||||| ||und||
245 0 _aManifesto for a Post-Critical Pedagogy
546 _aEnglish[eng]
650 _aradical pedagogy||education||critical theory||manifesto||queer optimism
700 _aHodgson, Naomi||Vlieghe, Joris||Zamojski, Piotr
856 _uhttps://library.oapen.org/bitstream/20.500.12657/25436/1/1004659.pdf||https://library.oapen.org/bitstream/20.500.12657/25436/1/1004659.pdf||https://library.oapen.org/bitstream/20.500.12657/25436/1/1004659.pdf
942 _cEB
999 _c30924
_d30924